[Event "Chelyabinskiy variant-A 2021"]
[Site "Chelyabinsk"]
[Date "2021.03.25"]
[Round "3.9"]
[White "Shomoev, Anton"]
[Black "Suleymenov, Alisher"]
[Result "1/2-1/2"]
[WhiteElo "2563"]
[BlackElo "2440"]
[Annotator "TA"]
[PlyCount "63"]
[EventDate "2021.03.23"]
[EventType "swiss"]
[EventCountry "RUS"]
[SourceTitle "playchess.com"]
[Source "ChessBase"]
[SourceQuality "1"]

{[%evp 14,63,23,11,19,8,4,11,6,28,13,10,20,29,38,14,10,-32,-28,-22,-22,-77,-63,-44,-36,-71,-48,-99,-100,-90,-104,-93,-92,-100,-68,-110,-91,-97,-14,-18,-13,-14,-16,-16,0,0,0,0,0,0,0,0]} 1. e4 e6 2. d4 d5 3. Nc3 Nf6 4. Bg5 dxe4 5. Nxe4 Be7 6. Bxf6 gxf6 7. Nf3 f5 8. Nc3 a6 {C13: French: Classical System: 4 Bg5 Be7, Alekhine-Chatard Attack.} 9. Qe2 b5 10. O-O-O b4 11. Na4 Qd5 12. Qc4 Qxc4 13. Bxc4 Rg8 {[#]} 14. d5 $146 ({Predecessor:} 14. g3 Nc6 15. Rhe1 Bb7 16. Nc5 {½-½ (16) Bruzon Batista,L (2622)-Ehlvest,J (2581) Merida 2008}) 14... Rxg2 15. Rhg1 Rxg1 16. Rxg1 Kf8 17. b3 (17. dxe6 $11 {keeps the balance.} Bxe6 18. Bxe6 fxe6 19. Re1) 17... Bd6 18. dxe6 Bxe6 19. Bxe6 fxe6 20. Re1 {[#]} ({Better is} 20. Ng5 $15) 20... Kf7 $1 $17 21. Ng5+ Kf6 22. Nxe6 Nd7 {...Re8 is the strong threat.} 23. Nd4 Bxh2 24. Re6+ Kf7 25. Rc6 Re8 (25... Rh8 $17 {Threatens to win with ...h5.} 26. Nxf5 h5) 26. Nxf5 $11 {The position is equal.} Re2 27. Nh6+ Ke7 28. Kd1 Re6 29. Ng8+ Kf7 30. Nh6+ Ke7 31. Ng8+ Kf7 32. Nh6+ {Weighted Error Value: White=0.11/Black=0.11} 1/2-1/2

[Event "Chelyabinskiy variant-A 2021"]
[Site "Chelyabinsk"]
[Date "2021.03.25"]
[Round "3.10"]
[White "Fedorov, Alexei"]
[Black "Harutjunyan, Gevorg"]
[Result "1-0"]
[WhiteElo "2529"]
[BlackElo "2439"]
[Annotator "TA"]
[PlyCount "143"]
[EventDate "2021.03.23"]
[EventType "swiss"]
[EventCountry "RUS"]
[SourceTitle "playchess.com"]
[Source "ChessBase"]
[SourceQuality "1"]

{[%evp 9,143,20,32,18,32,27,43,44,40,42,42,15,19,13,72,60,68,78,77,60,71,77,56,42,64,32,44,34,34,32,54,37,44,16,63,63,106,82,135,87,95,68,68,59,85,76,76,76,76,84,85,85,85,85,184,111,315,141,128,101,93,85,85,85,85,85,85,56,63,27,85,85,85,85,162,162,166,160,137,0,0,0,0,0,0,0,0,0,0,0,0,2,2,8,4,0,7,4,420,381,355,295,465,0,0,0,0,0,0,0,0,0,0,0,0,0,0,0,29955,29963,29962,29964,29965,29967,29967,29961,4622,29966,4622,29966,29962,29963,29966,29965,29952,5640]} 1. e4 c6 2. d4 d5 3. e5 Bf5 4. Nd2 e6 5. Nb3 Ne7 6. Be2 {B12: Caro-Kann: Advance Variation.} h6 7. Nf3 a5 8. a4 {White is slightly better.} Nd7 9. O-O g5 10. Bd2 Bg7 11. Rc1 {[#]} Ng6 $146 (11... O-O $11 {keeps the balance.}) ({Predecessor:} 11... O-O 12. Qe1 b6 13. c4 dxc4 14. Bxc4 Nd5 15. Qe2 f6 16. exf6 Qxf6 17. Bd3 Rac8 {0-1 (32) Godzwon,I (2347)-Tari,A (2633) Chess.com INT 2020}) 12. Ne1 $16 {g4 is the strong threat.} Nf4 13. Bxf4 gxf4 14. Bd3 Qg5 15. Nf3 Qh5 16. Bxf5 Qxf5 17. Qd2 Rg8 18. Kh1 Bf8 19. Rg1 Bb4 20. c3 Be7 21. Qc2 Qh5 22. Rce1 Rg7 23. Nc1 Nf8 24. Nd3 Qf5 25. Qd2 Ng6 26. Ref1 Qe4 27. Ra1 Kf8 28. b4 axb4 29. cxb4 Kg8 30. Nc5 Bxc5 31. bxc5 Kh7 (31... Qf5 $16) 32. a5 ({Better is} 32. Qb2 $18) 32... Rag8 $2 (32... Qf5 $16 {was worth a try.}) 33. Rae1 (33. Rab1 $18 {is more deadly.}) 33... Qf5 34. h3 Qh5 35. Qd3 Kh8 36. Rb1 Nh4 37. Nxh4 Qxh4 38. Qf3 (38. Rxb7 Qxf2 39. Qf1 Qxd4 $17) (38. Rb2 {with more complications.} Ra8 39. Qc3 Ra7 40. Rgb1 Qg5 41. f3) 38... f6 39. Rbe1 Ra8 (39... Rg3 $11 40. fxg3 Rxg3 41. Qxg3 Qxg3) 40. exf6 Qxf6 41. Qc3 f3 {[#]} (41... Rag8 $16 {keeps fighting.}) 42. g3 $1 $18 ({Much less strong is} 42. Qxf3 $6 Qxf3 43. gxf3 Re8 $16) ({Stronger than} 42. gxf3 Qh4 $11) 42... Rg5 43. Re3 Rf8 44. g4 ({White should try} 44. Kh2 $16) 44... h5 $11 {Threatens to win with ...Rxg4.} 45. Rg3 {[%cal Re3f3]} hxg4 46. hxg4 {[%cal Rg3f3]} Qh6+ 47. Kg1 Rf4 48. Rexf3 Rfxg4 49. Qe3 Rh4 {( -> ...Rh1+)} 50. Kf1 Rxg3 51. Qxh6+ Rxh6 52. fxg3 {[%mdl 4096] Endgame KR-KR} Kg7 53. Rb3 Rh2 $2 {[%mdl 8192]} (53... Rh1+ $11 {and Black has nothing to worry.} 54. Ke2 (54. Kg2 Ra1 $14) 54... Ra1) 54. Rxb7+ $18 Kf6 55. a6 Ra2 {[#]} (55... e5 $142 56. dxe5+ Kxe5 57. Re7+ Kf5) 56. a7 $2 (56. Rb6 $1 $18) 56... e5 $11 57. dxe5+ (57. Rc7 {is more complex.} exd4 58. Rxc6+ Ke5 59. Rc7 d3 60. Ke1) 57... Kxe5 58. g4 Kf4 59. Rg7 (59. Ke1 {seems wilder.} d4 60. Kd1 Kxg4 61. Rc7 Kg5 62. Rg7+) 59... d4 60. g5 (60. Ke1 {with more complications.} d3 61. Kd1 Ke3 62. Re7+ Kf4 63. Kc1) 60... Kf5 61. Ke1 d3 62. Kd1 Kf4 63. g6 {Strongly threatening Re7.} Ke3 $2 {[%mdl 8192]} (63... Kg5 $11) 64. Re7+ Kd4 65. g7 Kc3 66. Ke1 d2+ 67. Ke2 Ra1 68. Rd7 Re1+ 69. Kf3 Re8 {White mates.} 70. Kf4 Kc2 71. Kf5 Ra8 72. Ke6 {Weighted Error Value: White=0.22/Black=0.32} 1-0

[Event "Chelyabinskiy variant-A 2021"]
[Site "Chelyabinsk"]
[Date "2021.03.25"]
[Round "3.11"]
[White "Afanasiev, Nikita"]
[Black "Kardashevskiy, Evgeny"]
[Result "1/2-1/2"]
[WhiteElo "2519"]
[BlackElo "2427"]
[Annotator "TA"]
[PlyCount "85"]
[EventDate "2021.03.23"]
[EventType "swiss"]
[EventCountry "RUS"]
[SourceTitle "playchess.com"]
[Source "ChessBase"]
[SourceQuality "1"]

{[%evp 9,85,16,22,27,40,40,52,41,60,60,56,42,57,37,59,13,15,13,14,16,12,20,12,18,12,17,45,37,83,81,64,44,64,45,90,58,126,95,137,79,203,198,147,145,119,139,187,76,81,85,62,8,12,5,10,26,68,63,63,61,72,0,0,0,68,0,0,0,9,0,0,0,0,-8,0,0,0,-20]} 1. d4 Nf6 2. c4 e6 3. Nc3 Bb4 4. Qc2 d6 5. e3 Nbd7 6. Bd3 {E32: Nimzo-Indian: Classical (4 Qc2): 4...0-0.} c5 7. Nge2 O-O 8. O-O {[#] White is slightly better.} Qe7 $146 ({Predecessor:} 8... d5 9. Rd1 cxd4 10. exd4 dxc4 11. Bxc4 Nb6 12. Bb3 Nfd5 13. Nf4 Bd6 14. Qe4 Nxc3 15. bxc3 {1-0 (33) Markos,J (2568)-Timman,J (2577) Cagliari 2011}) 9. a3 Bxc3 10. bxc3 e5 {[#] Strongly threatening ...e4.} 11. Ng3 Re8 12. e4 cxd4 13. cxd4 exd4 14. Bb2 Nc5 15. Bxd4 Nxd3 16. Qxd3 Be6 ({But not} 16... Nxe4 $2 17. Rae1 $18) 17. f4 Rec8 18. Rac1 Rc6 19. f5 Bd7 20. Rce1 Re8 21. h3 b6 22. Kh2 Rcc8 (22... Rd8 $14) 23. Re3 Bc6 24. Qc3 ({White should try} 24. Rf4) 24... Ba8 (24... Kf8 $16) 25. Bxf6 $18 Qxf6 26. Qxf6 gxf6 27. Nh5 Re5 28. Rd1 (28. Nxf6+ $18 {is the precise move to win.} Kg7 29. Ng4 Rxe4 30. Rg3) 28... Kf8 $16 29. Nxf6 {Black must now prevent Nd7+.} Ke7 30. Nd5+ ({White should play} 30. Nxh7 $14 Rxc4 31. Red3 Bxe4 32. f6+ (32. Rxd6 Bxf5 33. Ng5 Ra5 $15) 32... Ke8 33. Rxd6) 30... Bxd5 $11 31. cxd5 {[%mdl 4096] Endgame KRR-KRR} Rc4 32. Rde1 b5 33. Kg3 Kf6 34. Kf3 $1 Re8 35. Kf4 (35. Rb3 $16) 35... Re5 $1 36. Kf3 (36. g4 $11) 36... Re8 $14 37. g4 (37. Rb3 $14) 37... Ke5 $1 $11 {The position is equal.} 38. g5 a5 39. Rb1 b4 40. axb4 axb4 41. Ra1 Kd4 42. Rd1+ Ke5 43. Ra1 {White really could win this.  Weighted Error Value: White=0.19/Black=0.15} 1/2-1/2

[Event "Chelyabinskiy variant-A 2021"]
[Site "Chelyabinsk"]
[Date "2021.03.25"]
[Round "3.12"]
[White "Girya, Olga"]
[Black "Kotsur, Pavel"]
[Result "1-0"]
[WhiteElo "2432"]
[BlackElo "2517"]
[Annotator "TA"]
[PlyCount "55"]
[EventDate "2021.03.23"]
[EventType "swiss"]
[EventCountry "RUS"]
[SourceTitle "playchess.com"]
[Source "ChessBase"]
[SourceQuality "1"]

{[%evp 9,55,0,4,0,0,0,0,0,0,7,29,0,18,0,53,48,114,123,120,120,126,126,120,122,169,156,179,164,161,177,253,240,241,244,250,244,257,228,289,290,350,358,357,355,343,303,316,314]} 1. d4 Nf6 2. c4 e6 3. Nf3 b6 4. g3 Ba6 5. Qc2 c5 6. d5 {E15: Queen's Indian: 4 g3 sidelines, 4 g3 Ba6 and 4 g3 Bb7 early deviations.} exd5 7. cxd5 Bb7 $1 8. Bg2 {The position is equal.} Nxd5 9. O-O {And now Ng5 would win.} Be7 10. Rd1 Nc6 11. Qa4 (11. Rxd5 $2 Nb4 $17) 11... Nc7 {[#]} (11... Nf6 $11) 12. Ne5 $1 $36 {[%cal Re5c6][%mdl 2048] [#] White has some pressure.} d5 $146 {[#] White now steadily converts the win.} (12... b5 13. Qf4) ({Predecessor:} 12... Nxe5 13. Bxb7 Rb8 14. Bg2 O-O 15. Bf4 Bf6 16. Nc3 a6 17. Bxe5 Bxe5 18. Rxd7 Qc8 {1-0 (34) Davtyan,A (2396)-Sturua,Z (2533) Yerevan 2019}) 13. Nc3 $1 $16 (13. Nxc6 Qd7 $17) 13... b5 14. Nxb5 O-O 15. Bf4 {Hoping for Nxf7!} Nxe5 16. Bxe5 Ne8 17. Nc3 Bf6 18. Bxd5 Qb6 19. Qe4 Bxd5 (19... Bxe5 {was worth a try.} 20. Qxe5 (20. Bxb7 Nf6 $16) 20... Nf6) 20. Nxd5 $18 Qe6 {[#]} 21. Nf4 $1 Qc8 22. Rac1 a5 23. Qe3 c4 24. Nd5 {Bxf6 is the strong threat.} Qb7 25. Bxf6 (25. Rxc4 Rd8) 25... Nxf6 26. Nxf6+ gxf6 27. Qd4 ({But not} 27. Rxc4 Rfd8) 27... Rfe8 28. Rxc4 {Weighted Error Value: White=0.06/Black=0.21} ({Don't do} 28. Qxf6 Qe7 $18) 1-0

[Event "Chelyabinskiy variant-A 2021"]
[Site "Chelyabinsk"]
[Date "2021.03.25"]
[Round "3.13"]
[White "Utegaliyev, Azamat"]
[Black "Sitnikov, Anton"]
[Result "1/2-1/2"]
[WhiteElo "2507"]
[BlackElo "2437"]
[Annotator "TA"]
[PlyCount "86"]
[EventDate "2021.03.23"]
[EventType "swiss"]
[EventCountry "RUS"]
[SourceTitle "playchess.com"]
[Source "ChessBase"]
[SourceQuality "1"]

{[%evp 19,86,-7,0,-12,-11,-19,-10,-50,-30,-68,-67,-79,-75,-101,-92,-106,-115,-116,-98,-98,-87,-103,-83,-98,-86,-85,-115,-90,-39,-36,-22,-28,-34,-51,0,0,0,0,118,0,0,-52,0,-52,-52,-54,-52,-56,-52,-54,-54,-87,-34,-29,0,-35,-29,-37,-20,-39,0,-33,0,0,0,-37,-22,-23,0]} 1. e4 e6 2. d3 d5 3. Nd2 Nf6 4. Ngf3 Be7 5. g3 O-O 6. Bg2 c5 7. O-O Nc6 8. Re1 b5 9. e5 Ne8 10. Nf1 a5 {[%cal Ba7a5,Ba5a4,Ba4a3][%mdl 32]} 11. h4 {C00: French: Unusual White 2nd moves.} a4 12. h5 a3 {[#]} 13. b3 $146 {The position is equal.} ({Predecessor:} 13. bxa3 h6 14. N1h2 Kh7 15. Ng4 Rh8 16. c3 Qa5 17. Qd2 Kg8 18. Rb1 Nc7 19. Bb2 {0-1 (33) Keskinen,S (2294)-Hillarp Persson,T (2450) Stockholm 2001}) 13... f5 14. c3 Nc7 15. Bf4 Bd7 16. d4 b4 17. dxc5 bxc3 ({Much weaker is} 17... Bxc5 $6 18. c4 $11) 18. Qd3 Na6 19. Qxc3 Nxc5 20. Nd4 Nxd4 21. Qxd4 Bb5 22. Rec1 Nd3 23. Rc3 Nxf4 (23... Nb4 $17 24. Ne3 Rc8 25. Rxc8 Qxc8) 24. gxf4 $15 Rc8 25. Rac1 Rxc3 26. Rxc3 Qa5 ({Black should play} 26... Be8 $15) 27. Ne3 $11 Bb4 28. Rc2 Be8 {[#]} (28... h6 $11 {remains equal.}) 29. Bf3 (29. Bxd5 $1 $16 Bf7 30. Bf3) 29... h6 30. Kg2 (30. Bxd5 $11 exd5 31. Nxd5) 30... Kh7 ({Better is} 30... Kh8 $15) 31. Rc1 (31. Rc8 $1 $11) 31... Bb5 $15 32. Rc2 Rb8 33. Kg3 Bd7 34. Be2 Be7 35. Qc3 Qd8 (35... Qa7 $17 {Strongly threatening ...d4.} 36. Qd3 Bc5) 36. Qc7 Qe8 {[#] aiming for ...d4.} 37. Bf3 Bb4 38. Qa7 Ra8 39. Qd4 Be7 40. Qb6 (40. Nc4 $5) 40... Rb8 41. Qa7 Ra8 42. Qb6 Bd8 43. Qd6 Be7 {Weighted Error Value: White=0.18/Black=0.19} 1/2-1/2

[Event "Chelyabinskiy variant-A 2021"]
[Site "Chelyabinsk"]
[Date "2021.03.26"]
[Round "4.1"]
[White "Lysyj, Igor"]
[Black "Drygalov, Andrey"]
[Result "1/2-1/2"]
[WhiteElo "2605"]
[BlackElo "2500"]
[Annotator "TA"]
[PlyCount "70"]
[EventDate "2021.03.23"]
[EventType "swiss"]
[EventCountry "RUS"]
[SourceTitle "playchess.com"]
[Source "ChessBase"]
[SourceQuality "1"]

{[%evp 11,70,14,23,-14,25,18,24,24,13,28,30,16,14,0,12,-42,-50,-39,-33,-45,-38,-97,-71,-89,-89,-91,-64,-137,-9,-5,0,-5,-9,-40,0,0,0,0,0,0,0,0,0,0,0,0,-11,-6,0,0,0,0,0,0,0,0,0,0,0,0,0]} 1. d4 Nf6 2. c4 e6 3. Nf3 d5 4. g3 dxc4 5. Bg2 a6 6. O-O Nc6 7. Qd2 {[#] E04: Open Catalan: 5 Nf3.} Bb4 $146 ({Predecessor:} 7... Rb8 8. Ne5 Nxe5 9. dxe5 Qxd2 10. Nxd2 Nd5 11. Nxc4 Be7 12. Bd2 O-O 13. Rfd1 Rd8 14. e4 Nb6 15. Nxb6 cxb6 {½-½ (56) Lysyj,I (2593)-Bocharov,D (2528) Khanty-Mansiysk 2020}) 8. Qc2 b5 (8... Nxd4 $2 9. Nxd4 Qxd4 10. Qa4+ Bd7 11. Qxb4 $18) 9. Ne5 {White has an edge.} Nxe5 ({But not} 9... Nxd4 $6 10. Qd1 $18) 10. dxe5 Nd5 11. Rd1 $1 Bd7 12. Bd2 {[#] Threatens to win with Bxd5.} Qe7 13. a3 (13. b3 $11) 13... Bxd2 $15 14. Nxd2 Rc8 15. b3 cxb3 16. Nxb3 {[#]} ({Better is} 16. Qxb3 $15 c5 17. Ne4 (17. Bxd5 exd5 18. Qxd5 Bc6 $17)) 16... c5 $1 $17 17. Bxd5 exd5 18. Rxd5 c4 19. Na5 Bc6 (19... O-O $17 {next ...Bh3 is good for Black.} 20. Qc3 f6 21. exf6 Rxf6) 20. Nxc6 $11 Rxc6 21. Rad1 O-O 22. Qc3 (22. Rd6 {keeps more tension.} Qb7 23. Rd8 Rc8 24. R8d7 Qb8 25. R1d6) 22... Rc5 23. e4 {The position is equal.} h6 24. Kg2 Rfc8 25. f4 Qb7 26. f5 a5 {And now ...b4 would win.} 27. e6 {Hoping for Rxc5.} ({Don't blunder} 27. Qxa5 $2 c3 $19) 27... Rxd5 28. exf7+ Qxf7 29. Rxd5 {[%mdl 4096] Endgame KQR-KQR} b4 (29... Qe8 {feels hotter.} 30. Qd4 c3 31. Rd7 Qf8 32. Qd5+ Kh8) 30. axb4 axb4 31. Qxb4 {Strongly threatening Rc5.} c3 32. Rc5 Rxc5 33. Qxc5 Qb3 34. Qc8+ Kh7 35. Qc6 Qb2+ {Weighted Error Value: White=0.09/Black=0.12} 1/2-1/2

[Event "Chelyabinskiy variant-A 2021"]
[Site "Chelyabinsk"]
[Date "2021.03.26"]
[Round "4.2"]
[White "Gabrielian, Artur"]
[Black "Fedorov, Alexei"]
[Result "1/2-1/2"]
[WhiteElo "2448"]
[BlackElo "2529"]
[Annotator "TA"]
[PlyCount "88"]
[EventDate "2021.03.23"]
[EventType "swiss"]
[EventCountry "RUS"]
[SourceTitle "playchess.com"]
[Source "ChessBase"]
[SourceQuality "1"]

{[%evp 15,88,84,93,87,81,83,86,88,90,87,95,91,111,125,133,117,120,134,164,161,214,215,200,150,145,114,106,102,110,116,129,120,112,121,126,113,116,115,118,90,87,83,98,94,112,117,129,137,159,157,162,159,162,156,160,106,110,57,61,57,58,10,12,20,12,0,36,0,0,0,0,0,0,0,0]} 1. e4 c5 2. c3 d6 3. d4 Nf6 4. Bd3 Nc6 5. Nf3 Bg4 6. d5 Bxf3 7. Qxf3 Ne5 8. Bb5+ Ned7 9. O-O {B07: Pirc Defence: Miscellaneous Systems.} a6 10. Be2 g6 11. a4 {White is better.} Bg7 {[#]} 12. Bf4 $146 ({Predecessor:} 12. Nd2 O-O 13. a5 Ne8 14. Qh3 Nef6 15. f4 b5 16. axb6 a5 17. b7 Ra7 18. Bd3 {0-1 (32) Sermek,D (2520)-Cebalo,M (2520) Slovenia 1994}) 12... O-O 13. Nd2 Nh5 14. Be3 f5 15. exf5 Rxf5 16. Qh3 Ndf6 17. Bd3 Rxd5 (17... Qc8 $142 18. Bxf5 Qxf5) 18. Bc4 $18 Kh8 19. Bxd5 Nxd5 20. Ne4 Qc8 21. Qxc8+ Rxc8 22. Rfe1 h6 23. Rad1 Nxe3 24. Rxe3 Kg8 25. Nd2 Kf7 26. Nc4 {Strongly threatening Rxd6!} b5 27. axb5 (27. Nb6 {looks sharper.} Rb8 28. a5 Nf6 29. h3 h5 30. b3) 27... axb5 28. Nb6 Rc6 29. Nd5 e6 {[#]} 30. g4 $1 {Hoping for Ra1.} Nf6 (30... exd5 31. gxh5) 31. Nxf6 Bxf6 $16 {[%mdl 4096] Endgame KRR-KRB} 32. Ra1 $1 {[%cal Ra1a7] Ra7+ is the strong threat.} e5 {[#]} 33. Ra7+ $1 Ke6 {[#]} 34. Rb7 $1 Bg5 35. Re1 (35. Re2 $142) 35... b4 36. Ra1 (36. cxb4 $16 {Threatens to win with b5.} cxb4 37. Rd1) 36... bxc3 $14 37. bxc3 c4 38. Rg7 Bd2 $1 39. Ra3 Kf6 40. Rd7 Kg5 (40... Ke6 $5 {[%cal Re6d7]} 41. Rd8 h5 $14) 41. f3 Rb6 {The position is equal.} 42. Ra4 Rc6 43. Ra3 Rb6 44. Ra4 Rc6 {White really could win this.  Weighted Error Value: White=0.09/Black=0.06} 1/2-1/2

[Event "Chelyabinskiy variant-A 2021"]
[Site "Chelyabinsk"]
[Date "2021.03.26"]
[Round "4.3"]
[White "Girya, Olga"]
[Black "Stupak, Kirill"]
[Result "1-0"]
[WhiteElo "2432"]
[BlackElo "2492"]
[Annotator "TA"]
[PlyCount "145"]
[EventDate "2021.03.23"]
[EventType "swiss"]
[EventCountry "RUS"]
[SourceTitle "playchess.com"]
[Source "ChessBase"]
[SourceQuality "1"]

{[%evp 9,145,21,22,16,26,25,27,28,31,33,31,29,42,13,16,20,27,20,30,20,21,0,0,0,0,0,0,-9,0,0,0,0,0,0,0,0,0,0,0,0,0,0,0,0,0,0,19,0,8,13,10,8,22,0,29,0,15,18,11,10,36,35,35,39,35,35,35,7,14,10,16,15,15,16,34,0,229,237,234,250,250,250,250,250,250,250,250,250,243,243,235,231,277,278,274,266,226,226,226,208,186,186,186,186,172,160,366,366,366,360,353,353,366,326,371,374,417,370,612,581,558,538,513,503,463,428,4145,4137,4268,4141,4137,4133,4129,4129,29986,29987,29987,29988]} 1. d4 d5 2. c4 e6 3. Nf3 a6 4. cxd5 exd5 5. Nc3 c6 6. Qb3 {D31: Queen's Gambit Declined: Semi-Slav without ...Nf6 (+ Marshall Gambit and Noteboom) and Exchange Variation lines without ...Nf6.} Nf6 7. Bg5 Be7 8. e3 {White has an edge.} Nh5 9. Bxe7 Qxe7 10. Be2 {[#]} Nf6 $146 ({Predecessor:} 10... Nd7 11. Na4 g6 12. O-O O-O 13. Rfe1 Re8 14. Rac1 Ng7 15. Bd3 Qd6 16. e4 Ne6 17. exd5 cxd5 {0-1 (64) Moroni,L (2530)-Le,Q (2709) chess.com INT 2020}) 11. Ne5 Nbd7 12. Nxd7 Nxd7 13. O-O O-O 14. Rac1 Nf6 15. Rfe1 Bf5 16. Qb6 Rab8 17. Na4 Ne4 18. Nc5 Nd6 19. Rc3 Nc8 20. Qb4 Nd6 21. Rb3 g6 22. Bf1 Bc2 23. Rc3 Bf5 24. Rb3 Bc2 25. Rc3 Bf5 26. a4 a5 27. Qb6 Ra8 28. f3 Rfe8 29. b4 axb4 30. Qxb4 Qc7 31. Rb3 Re7 32. g4 Bc8 33. Qb6 Qxb6 34. Rxb6 h5 35. gxh5 gxh5 36. Kf2 Bf5 37. Ra1 Ra5 38. Ra3 h4 39. Nb3 Ra7 40. a5 {[%cal Ba4a5,Ba5b6][%mdl 32]} Nc8 41. Rb4 b6 42. Ra1 Kf8 $2 {Black is now going downhill.} (42... bxa5 $11 {and Black is okay.} 43. Nxa5 Rec7) 43. axb6 $18 Rxa1 44. Nxa1 {[#] b7 is the strong threat.} Rb7 45. Ba6 Rxb6 46. Bxc8 Rxb4 47. Bxf5 Rb2+ 48. Nc2 Ke7 49. h3 Kf6 50. Bd3 Rb3 51. Be2 Ke6 52. Ne1 Rb8 53. Ng2 Rh8 54. Bd3 Kd6 55. Bf5 c5 56. dxc5+ Kxc5 57. Nf4 Kc4 $2 (57... d4 $16 {was called for.} 58. Nd3+ Kd5 59. Be4+ Kc4 60. Ne5+ Kc3 61. Nxf7 Rb8) 58. Bd3+ Kc5 {[#]} 59. Ne2 Ra8 60. Nd4 Kb4 61. Nf5 Kc3 62. Be2 Kd2 63. f4 Rh8 $2 (63... Kc3 64. Bh5 f6) 64. Bf3 Rd8 65. Bg2 Kd3 66. Nxh4 d4 67. exd4 Kxd4 (67... Rxd4 $142 68. Kg3 Rd6) 68. Nf5+ Kd3 69. h4 Rh8 70. Bd5 Rh5 71. Bxf7 Rxf5 72. Bg6 Ke4 73. Kg3 {Weighted Error Value: White=0.04/Black=0.16} 1-0

[Event "Chelyabinskiy variant-A 2021"]
[Site "Chelyabinsk"]
[Date "2021.03.26"]
[Round "4.4"]
[White "Remizov, Yaroslav"]
[Black "Shuvalova, Polina"]
[Result "0-1"]
[WhiteElo "2411"]
[BlackElo "2476"]
[Annotator "TA"]
[PlyCount "82"]
[EventDate "2021.03.23"]
[EventType "swiss"]
[EventCountry "RUS"]
[SourceTitle "playchess.com"]
[Source "ChessBase"]
[SourceQuality "1"]

{[%evp 17,81,0,0,0,0,0,0,0,0,0,0,-20,-5,-19,-19,-14,-11,-31,12,0,0,0,31,31,30,33,28,29,27,25,115,27,44,-583,-589,-527,-527,-1034,-967,-908,-567,-556,-552,-507,-485,-749,-583,-567,-558,-640,-628,-645,-630,-2443,-2158,-5102,-5102,-29980,-29981,-29973,-1456,-29995,-29996,-29996,-29997,-29999]} 1. e4 e5 2. Nf3 Nc6 3. Bc4 Bc5 4. c3 Nf6 5. d4 exd4 6. e5 d5 7. Bb5 Ne4 8. cxd4 Bb6 9. Nc3 O-O 10. Be3 {C54: Giuoco Piano: 4 c3 Nf6, main lines with 5 d4 and 5 d3.} Bg4 11. h3 Bh5 12. Qc2 {The position is equal.} Nxc3 13. bxc3 f6 14. Bxc6 Bxf3 15. gxf3 bxc6 16. f4 Qe7 17. a4 {Black must now prevent a5.} a5 {[#]} 18. Rg1 $146 ({Predecessor:} 18. h4 c5 19. Qb3 cxd4 20. cxd4 Kh8 21. Qxd5 Rad8 22. Qc4 fxe5 23. fxe5 Qd7 24. O-O-O {1-0 (50) Poetsch,H (2516)-Lobzhanidze,D (2422) Germany 2019}) 18... c5 19. Ke2 Kh8 20. Rg4 cxd4 21. cxd4 fxe5 22. fxe5 c5 23. dxc5 Qxe5 {Strongly threatening ...Bxc5.} 24. cxb6 (24. Rag1 $16 Bd8 25. Rxg7 Qh5+ 26. R7g4) 24... d4 $1 $11 {[%cal Rd4e3][%mdl 64] [#] Pin} 25. Rh4 $2 {[%mdl 8192] [#] This move loses the game for White.} Rxf2+ $1 $19 {[%mdl 512]} 26. Kxf2 {[%csl Gh4][%cal Rc2h7]} Qh2+ 27. Kf3 {[%csl Gh4][%cal Rc2h7]} Qxc2 28. Bxd4 Qf5+ 29. Kg3 h5 {And now ...Qg5+ would win.} 30. Rf4 Qd3+ 31. Kh4 (31. Kh2 $142 Qd2+ 32. Kg3) 31... Rd8 32. b7 Rb8 33. Re1 {Re7 is the strong threat.} Rxb7 34. Re3 Qd2 35. Kxh5 Kh7 36. Kg5 Rd7 37. Ree4 Rd5+ 38. Be5 Rc5 (38... Qg2+ $142 39. Rg4 Qf3 40. Rh4+ Kg8 41. Rhf4 Qg3+ 42. Kf5 Kf7 43. Rg4 g6+ 44. Rxg6 Qxg6+ 45. Kf4 Rd3 46. Rc4 Qh6+ 47. Ke4 Qh7+ 48. Kf4 Qh4+ 49. Kf5 Qxc4 50. Kg5 Rxh3 51. Bb2 Qd5+ 52. Kg4 Qf3+ 53. Kg5 Rh5#) 39. h4 Qg2+ {Black mates.} 40. Rg4 Qf3 41. h5 Qf6# {Weighted Error Value: White=1.32/Black=0.36} 0-1

[Event "Chelyabinskiy variant-A 2021"]
[Site "Chelyabinsk"]
[Date "2021.03.26"]
[Round "4.5"]
[White "Simantsev, Mikhail"]
[Black "Bryakin, Mikhail"]
[Result "1/2-1/2"]
[WhiteElo "2389"]
[BlackElo "2464"]
[Annotator "TA"]
[PlyCount "31"]
[EventDate "2021.03.23"]
[EventType "swiss"]
[EventCountry "RUS"]
[SourceTitle "playchess.com"]
[Source "ChessBase"]
[SourceQuality "1"]

{[%evp 9,18,12,3,7,15,2,22,9,7,15,17]} 1. d4 {Roiz,M} d5 2. c4 c6 3. Nc3 dxc4 4. e3 b5 {[%cal Bb7b5,Bb5b4,Bb4c3][%mdl 32]} 5. a4 b4 $1 {[%cal Rb4c3] The position is equal.} 6. Ne4 {[%cal Bc3e4,Be4d2,Bd2b1][%mdl 32] D10: Slav Defence: 3 cxd5 (without early Nf3) and 3 Nc3.} Qd5 7. Nd2 c3 8. bxc3 bxc3 9. Nb1 Qa5 {[#] A rather calm draw.  Weighted Error Value: White=0.04/Black=0.00} {Predecessor:} 10. Qc2 $146 Na6 11. Qxc3 Qxc3+ 12. Nxc3 Nb4 13. Rb1 a5 14. Nf3 Nf6 15. Ne5 Bf5 16. Rb2 {1-0 (79) Wojtaszek,R (2750)-Bartel,M (2604) Warsaw 2018 CBM 185 [Roiz,M]} 1/2-1/2